Statistics for Top 10 Chocolate Brands In The World

Click here to take the quiz!

General Stats

  • This quiz has been taken 103 times
  • The average score is 3 of 10

Answer Stats

HintAnswer% Correct
7Cadbury
77%
2Lindt & Sprüngli
54%
9Mars Bars
48%
10KitKat
32%
1Ferrero Rocher
26%
6Toblerone
26%
8Galaxy
19%
5Patchi
2%
3Ghirardelli
1%
4Guylian
0%

Score Distribution

Percentile by Number Answered

Percent of People with Each Score

Your Score History

You have not taken this quiz